Movie Quote to Actor #2 - Statistics

General Stats
  • This quiz has been taken 1,575 times
  • The average score is 13 of 20
Answer Stats
Quote Actor % Correct
The first rule of Fight Club is you do NOT talk about Fight Club Brad Pitt
97%
You will always remember this as the day you almost caught Captain Jack Sparrow Johnny Depp
89%
I volunteer as tribute Jennifer Lawrence
82%
You talkin' to me? Robert De Niro
79%
Help me, Obi-Wan Kenobi. You're my only hope. Carrie Fisher
77%
Are you not entertained? Russell Crowe
75%
I want you to draw me like one of your French girls Kate Winslet
74%
Allll-righty then Jim Carrey
70%
There's no place like home Judy Garland
69%
You shall not pass! Ian McKellen
65%
Alright, alright, alright Matthew McConaughey
60%
That belongs in a museum Harrison Ford
58%
Funny how? I mean, funny like I'm a clown? I amuse you? Joe Pesci
57%
Well I got her numbah. How do you like them apples? Matt Damon
57%
Life, uh, finds a way Jeff Goldblum
54%
Say "what" again! Samuel L. Jackson
53%
KHAAAAAAAN!! William Shatner
52%
I'm just a girl, standing in front of a boy, asking him to love her Julia Roberts
45%
Your mother was a hamster and your father smelt of elderberries! John Cleese
40%
I have to return some videotapes Christian Bale
24%
No matching quizzes found
Score Distribution
Percent of People with Each Score
Percentile by Number Answered
Your Score History
You have not taken this quiz